[Event "Landesliga U20 Nord 1112"]
[Site "Bayern"]
[Date "2012.03.10"]
[Round "6.4"]
[White "Gage, Daniel"]
[Black "Koch, Christian1111"]
[Result "0-1"]
[WhiteElo "1673"]
[BlackElo "1740"]
[PlyCount "52"]
[EventDate "2011.11.12"]
[EventType "team-tourn"]
[EventRounds "7"]
[EventCountry "GER"]
[SourceTitle "EXT 2022"]
[Source "ChessBase"]
[SourceDate "2021.10.06"]
[SourceVersion "1"]
[SourceVersionDate "2021.10.06"]
[SourceQuality "1"]
[WhiteTeam "Nuernberg NT U20"]
[BlackTeam "Hoechstadt SC U20"]
[WhiteTeamCountry "GER"]
[BlackTeamCountry "GER"]

1. e4 e5 2. Nf3 Nc6 3. Bc4 Bc5 4. c3 Nf6 5. d4 exd4 6. cxd4 Bb4+ 7. Nc3 d5 8. exd5 Nxd5 9. 0-0 Bxc3 10. bxc3 h6 11. Ba3 Be6 12. Re1 Na5 13. Qa4+ c6 14. Ne5 Nxc4 15. Qxc4 Qc7 16. Rab1 0-0-0 17. Rb2 Nb6 18. Qd3 Rhe8 19. Bc5 Na4 20. Ba3 Nxb2 21. Bxb2 Bxa2 22. Qc2 f6 23. Nd3 Bc4 24. Rxe8 Rxe8 25. g3 Qe7 26. Qd2 Qe2 0-1

[Event "Nuremberg Zabo op 10th"]
[Site "Nuremberg"]
[Date "2008.09.20"]
[Round "2"]
[White "Gage, Daniel"]
[Black "Duerr, Florian"]
[Result "1-0"]
[WhiteElo "1738"]
[BlackElo "1529"]
[PlyCount "97"]
[EventDate "2008.09.19"]
[EventType "swiss"]
[EventRounds "5"]
[EventCountry "GER"]
[SourceTitle "EXT 2012"]
[Source "ChessBase"]
[SourceDate "2011.11.24"]
[SourceVersion "1"]
[SourceVersionDate "2011.11.24"]
[SourceQuality "1"]

1. e4 e6 2. d4 d5 3. exd5 exd5 4. Bd3 Bd6 5. c3 c6 6. Qc2 Ne7 7. Ne2 Qc7 8. Bg5 h6 9. Bh4 Bg4 10. Bg3 Nd7 11. Bxd6 Qxd6 12. f3 Bh5 13. Nd2 Bg6 14. 0-0 0-0 15. f4 Bxd3 16. Qxd3 Qg6 17. Qxg6 Nxg6 18. Nf3 Rae8 19. Rae1 f5 20. Ne5 Ngxe5 21. fxe5 g5 22. Nc1 Kg7 23. Nb3 b6 24. Nc1 Kg6 25. Nd3 a5 26. Re2 Re6 27. Ref2 Rf7 28. h4 Nf8 29. h5+ Kg7 30. Rxf5 Rxf5 31. Rxf5 Nd7 32. Nc1 Re7 33. Ne2 Nf8 34. Rf6 Re6 35. Rf5 Re7 36. g4 Re6 37. Ng3 c5 38. Rf3 Nd7 39. Kf2 c4 40. Nf5+ Kg8 41. Nd6 b5 42. Nxb5 Rb6 43. Nc7 Rxb2+ 44. Kg3 Rxa2 45. e6 Nb6 46. e7 Re2 47. e8Q+ Rxe8 48. Nxe8 a4 49. Rf1 1-0

[Event "Nuremberg LGA Cup 5th"]
[Site "Nuremberg"]
[Date "2008.09.07"]
[Round "6"]
[White "Gage, Daniel"]
[Black "Mons, Leon"]
[Result "0-1"]
[WhiteElo "1713"]
[BlackElo "2084"]
[PlyCount "36"]
[EventDate "2008.09.04"]
[EventType "swiss"]
[EventRounds "7"]
[EventCountry "GER"]
[SourceTitle "CBM 126 Extra"]
[Source "ChessBase"]
[SourceDate "2008.11.05"]
[SourceVersion "1"]
[SourceVersionDate "2008.11.05"]
[SourceQuality "1"]

1. e4 g6 2. d4 Bg7 3. Nf3 d6 4. Be3 Nf6 5. Bd3 0-0 6. c3 Nbd7 7. h4 e5 8. Ng5 h6 9. Nf3 Ng4 10. Bd2 exd4 11. Nxd4 Nc5 12. Bc2 Re8 13. f3 Ne5 14. Qe2 d5 15. Nb3 dxe4 16. fxe4 Bg4 17. Qf1 Ned3+ 18. Bxd3 Nxd3+ 0-1

[Event "Nuremberg LGA Cup 5th"]
[Site "Nuremberg"]
[Date "2008.09.07"]
[Round "7.65"]
[White "Suess, Stefan"]
[Black "Gage, Daniel"]
[Result "1/2-1/2"]
[WhiteElo "1985"]
[BlackElo "1713"]
[PlyCount "34"]
[EventDate "2008.09.04"]
[EventType "swiss"]
[EventRounds "7"]
[EventCountry "GER"]
[SourceTitle "EXT 2022"]
[Source "ChessBase"]
[SourceDate "2021.10.06"]
[SourceVersion "1"]
[SourceVersionDate "2021.10.06"]
[SourceQuality "1"]

1. e4 c5 2. Nf3 e6 3. d4 cxd4 4. Nxd4 a6 5. Bd3 Qc7 6. c4 Nc6 7. Nxc6 bxc6 8. 0-0 Nf6 9. Qe2 d5 10. e5 Nd7 11. f4 Bc5+ 12. Kh1 a5 13. b3 a4 14. Bb2 axb3 15. axb3 Rxa1 16. Bxa1 Qb6 17. Nd2 Bd4 1/2-1/2

[Event "Nuremberg LGA Cup 5th"]
[Site "Nuremberg"]
[Date "2008.09.06"]
[Round "4"]
[White "Donchenko, Alexander"]
[Black "Gage, Daniel"]
[Result "0-1"]
[WhiteElo "1832"]
[BlackElo "1713"]
[PlyCount "60"]
[EventDate "2008.09.04"]
[EventType "swiss"]
[EventRounds "7"]
[EventCountry "GER"]
[SourceTitle "CBM 126 Extra"]
[Source "ChessBase"]
[SourceDate "2008.11.05"]
[SourceVersion "1"]
[SourceVersionDate "2008.11.05"]
[SourceQuality "1"]

1. d4 Nf6 2. Nf3 g6 3. g3 Bg7 4. Bg2 0-0 5. 0-0 d6 6. b3 c5 7. Nbd2 cxd4 8. Nxd4 Nd5 9. Bb2 Nb4 10. Nc4 N4c6 11. Rc1 d5 12. Nxc6 bxc6 13. Bxg7 Kxg7 14. Ne5 Qd6 15. Qd4 f6 16. Nd3 e5 17. Qc5 Qxc5 18. Nxc5 Na6 19. Nxa6 Bxa6 20. c4 Rfd8 21. cxd5 cxd5 22. Rc7+ Kh6 23. Rd1 Rac8 24. Rxc8 Rxc8 25. Bxd5 Bxe2 26. Rd2 Rc1+ 27. Kg2 Bf1+ 28. Kf3 Rc3+ 29. Ke4 Bg2+ 30. f3 Bxf3# 0-1

[Event "Nuremberg Zabo op 08th"]
[Site "Nuremberg"]
[Date "2006.09.24"]
[Round "5"]
[White "Gage, Daniel"]
[Black "Walter, Manfred"]
[Result "1/2-1/2"]
[WhiteElo "1600"]
[BlackElo "1697"]
[PlyCount "51"]
[EventDate "2006.09.22"]
[EventType "swiss"]
[EventRounds "5"]
[EventCountry "GER"]
[SourceTitle "EXT 2018"]
[Source "ChessBase"]
[SourceDate "2017.10.13"]
[SourceVersion "1"]
[SourceVersionDate "2017.10.13"]
[SourceQuality "1"]

1. e4 d5 2. exd5 Qxd5 3. Nc3 Qa5 4. Bc4 Nf6 5. d3 Nc6 6. Bd2 Qe5+ 7. Qe2 Qxe2+ 8. Ngxe2 e6 9. Nb5 Bd6 10. Bf4 Bxf4 11. Nxf4 Kd7 12. 0-0-0 a6 13. Nc3 Na5 14. Ne4 Nxc4 15. dxc4+ Ke7 16. Rhe1 Nxe4 17. Rxe4 c6 18. c5 Rd8 19. Rxd8 Kxd8 20. Nd3 Ke7 21. Kd2 f6 22. Ke3 e5 23. f4 Bf5 24. Rb4 Rb8 25. fxe5 Bxd3 26. cxd3 1/2-1/2

[Event "Nuremberg LGA Cup 3rd"]
[Site "Nuremberg"]
[Date "2006.09.07"]
[Round "1.59"]
[White "Wagner, Florian"]
[Black "Gage, Daniel"]
[Result "1-0"]
[WhiteElo "2079"]
[BlackElo "1549"]
[PlyCount "37"]
[EventDate "2006.09.07"]
[EventType "swiss"]
[EventRounds "7"]
[EventCountry "GER"]
[SourceTitle "EXT 2022"]
[Source "ChessBase"]
[SourceDate "2021.10.06"]
[SourceVersion "1"]
[SourceVersionDate "2021.10.06"]
[SourceQuality "1"]

1. e4 c5 2. Nf3 e6 3. d4 cxd4 4. Nxd4 a6 5. c4 Qc7 6. Nc3 Nf6 7. Nc2 Be7 8. Be2 Nc6 9. 0-0 0-0 10. Be3 Ne5 11. b3 Nc6 12. Qd2 d6 13. Rfd1 Bd7 14. Rac1 Na7 15. Nd4 d5 16. cxd5 Bb4 17. dxe6 Nxe4 18. Nxe4 Qe5 19. Qd3 1-0

[Event "Nuremberg-ch op 06th"]
[Site "Nuremberg"]
[Date "2006.06.02"]
[Round "1.47"]
[White "Kirch, Florian"]
[Black "Gage, Daniel"]
[Result "1-0"]
[WhiteElo "1843"]
[BlackElo "1399"]
[PlyCount "111"]
[EventDate "2006.06.02"]
[EventType "swiss"]
[EventRounds "5"]
[EventCountry "GER"]
[SourceTitle "EXT 2007"]
[Source "ChessBase"]
[SourceDate "2006.11.23"]
[SourceVersion "1"]
[SourceVersionDate "2006.11.23"]
[SourceQuality "1"]

1. d4 Nf6 2. c4 g6 3. Nc3 Bg7 4. e4 d6 5. Nf3 0-0 6. Be2 e5 7. Be3 Ng4 8. Bg5 f6 9. Bc1 f5 10. Bg5 Bf6 11. Bxf6 Nxf6 12. dxe5 fxe4 13. Nxe4 Nxe4 14. Qd5+ Kh8 15. Qxe4 Nc6 16. exd6 Bf5 17. dxc7 Qxc7 18. Qe3 Qa5+ 19. Qc3+ Qxc3+ 20. bxc3 Rfe8 21. Rd1 Ne5 22. Nxe5 Rxe5 23. Rd2 Rae8 24. Kd1 Bb1 25. Bf3 Be4 26. Bxe4 Rxe4 27. Kc2 Rxc4 28. Rhd1 Rce4 29. Rd8 Re2+ 30. Kb1 Kg7 31. Rxe8 Rxe8 32. Rd7+ Kg8 33. Rxb7 Re1+ 34. Kb2 Re2+ 35. Kb3 Rxf2 36. c4 h5 37. c5 Kf8 38. c6 Ke8 39. Rg7 Rf6 40. c7 Rc6 41. Kb4 Rc2 42. Kb5 g5 43. Ka6 Rxa2+ 44. Kb7 Rb2+ 45. Kxa7 Ra2+ 46. Kb7 Rb2+ 47. Kc8 Rd2 48. Rxg5 h4 49. Kb7 Rb2+ 50. Kc6 Rc2+ 51. Rc5 Rxc5+ 52. Kxc5 Kd7 53. Kb6 Kc8 54. g4 hxg3 55. hxg3 Kd7 56. Kb7 1-0

[Event "Nuremberg Zabo op 07th"]
[Site "Nuremberg"]
[Date "2005.09.25"]
[Round "5"]
[White "Gage, Daniel"]
[Black "Dreiseitel, Ursula"]
[Result "1-0"]
[WhiteElo "1382"]
[BlackElo "1245"]
[PlyCount "81"]
[EventDate "2005.09.23"]
[EventType "swiss"]
[EventRounds "5"]
[EventCountry "GER"]
[SourceTitle "EXT 2012"]
[Source "ChessBase"]
[SourceDate "2011.11.24"]
[SourceVersion "1"]
[SourceVersionDate "2011.11.24"]
[SourceQuality "1"]

1. e4 d6 2. d4 g6 3. f4 Bg7 4. Nf3 Nf6 5. Nc3 Nbd7 6. Bc4 h6 7. 0-0 0-0 8. e5 dxe5 9. fxe5 Ne8 10. Nh4 e6 11. Qg4 g5 12. Ng6 Nxe5 13. Nxe5 Nf6 14. Qd1 a6 15. Be3 b5 16. Be2 Bb7 17. Bf3 Nd5 18. Qd2 Qd6 19. Ne4 Qb6 20. Nd7 Qc6 21. Nxf8 Rxf8 22. Rf2 b4 23. c3 a5 24. cxb4 axb4 25. Rc1 Qb6 26. Nc5 Bc8 27. Bxd5 exd5 28. h4 g4 29. g3 h5 30. Rcf1 f5 31. Ra1 Qb8 32. a4 c6 33. Bf4 Qb6 34. a5 Qb5 35. a6 Kf7 36. a7 Bb7 37. Nxb7 Qxb7 38. Bd6 Ra8 39. Bc5 Ke6 40. Qe3+ Kf6 41. Qe5+ 1-0

[Event "Nuremberg Zabo op 07th"]
[Site "Nuremberg"]
[Date "2005.09.24"]
[Round "2"]
[White "Cipra, Uwe"]
[Black "Gage, Daniel"]
[Result "1/2-1/2"]
[WhiteElo "1620"]
[BlackElo "1382"]
[PlyCount "116"]
[EventDate "2005.09.23"]
[EventType "swiss"]
[EventRounds "5"]
[EventCountry "GER"]
[SourceTitle "EXT 2012"]
[Source "ChessBase"]
[SourceDate "2011.11.24"]
[SourceVersion "1"]
[SourceVersionDate "2011.11.24"]
[SourceQuality "1"]

1. e4 c5 2. Nf3 e6 3. Be2 d5 4. exd5 exd5 5. d4 Nc6 6. Be3 c4 7. b3 b5 8. 0-0 Bf5 9. c3 Nf6 10. Ne5 Na5 11. b4 Nb7 12. Nd2 a5 13. a3 Bd6 14. Bg5 0-0 15. Bg4 Qc8 16. Bxf5 Qxf5 17. Bxf6 gxf6 18. Qg4+ Qxg4 19. Nxg4 Kg7 20. Nf3 Bf4 21. g3 Bh6 22. Nh4 Bd2 23. Nf5+ Kh8 24. Nxf6 Bxc3 25. Rab1 axb4 26. axb4 Nd6 27. Nxd6 Bxd4 28. Nxd5 Rad8 29. Nxb5 Rxd5 30. Nxd4 Rxd4 31. Rfc1 Rc8 32. b5 Rd7 33. Kg2 c3 34. Rb3 c2 35. Rb2 Rb7 36. Rbxc2 Rxc2 37. Rxc2 Rxb5 38. h4 h5 39. f3 f5 40. Kf2 Kg7 41. Ke3 Kf6 42. Rc6+ Ke5 43. Rh6 Rb3+ 44. Kf2 Rb2+ 45. Kg1 Rb3 46. Rxh5 Rxf3 47. Kg2 Ke4 48. Rh8 Rc3 49. Re8+ Kd5 50. h5 Rc7 51. Kh3 Rg7 52. Kg2 Rh7 53. Kf3 Rxh5 54. Kf4 Rh3 55. Re5+ Kd6 56. Rxf5 Ke6 57. Kg4 Rxg3+ 58. Kxg3 Kxf5 1/2-1/2

[Event "Nuremberg Zabo op 07th"]
[Site "Nuremberg"]
[Date "2005.09.23"]
[Round "1"]
[White "Gage, Daniel"]
[Black "Laustsen, Karl Johann"]
[Result "0-1"]
[WhiteElo "1382"]
[BlackElo "1780"]
[PlyCount "156"]
[EventDate "2005.09.23"]
[EventType "swiss"]
[EventRounds "5"]
[EventCountry "GER"]
[SourceTitle "EXT 2012"]
[Source "ChessBase"]
[SourceDate "2011.11.24"]
[SourceVersion "1"]
[SourceVersionDate "2011.11.24"]
[SourceQuality "1"]

1. e4 c5 2. Nf3 d6 3. d4 cxd4 4. Nxd4 Nf6 5. Nc3 a6 6. Be2 e5 7. Nb3 Be7 8. Be3 Be6 9. 0-0 0-0 10. h3 Qc7 11. Nd5 Nxd5 12. exd5 Bf5 13. c4 Nd7 14. Bg4 Bxg4 15. Qxg4 f5 16. Qf3 b6 17. Rac1 Nc5 18. Nxc5 bxc5 19. Bd2 Rab8 20. b3 Qd7 21. Kh1 f4 22. Rg1 Bh4 23. Rcf1 Qf5 24. Ba5 Bd8 25. Bxd8 Rbxd8 26. Qc3 Rf6 27. Qa5 Rdf8 28. Qxa6 Rh6 29. Kh2 f3 30. Re1 fxg2 31. Re3 Qxf2 32. Rg3 Qf4 33. Qb7 Rg6 34. R1xg2 Rxg3 35. Rxg3 Qh6 36. Qe7 Rf2+ 37. Kg1 Rf8 38. Qe6+ Qxe6 39. dxe6 Re8 40. a4 Rxe6 41. a5 Re8 42. Rg2 Ra8 43. Ra2 Ra6 44. Kf2 Kf7 45. Ke3 Ke6 46. Kd3 d5 47. cxd5+ Kxd5 48. Kc3 g5 49. b4 cxb4+ 50. Kxb4 Kc6 51. Rc2+ Kb7 52. Rc5 Re6 53. Rb5+ Ka6 54. Rc5 h5 55. Kc4 g4 56. Kd5 Rg6 57. hxg4 hxg4 58. Ke4 g3 59. Rc1 Rg5 60. Rg1 Kxa5 61. Kf3 Kb4 62. Ke4 g2 63. Kf3 Kc3 64. Ke3 Kc2 65. Ke2 Kc3 66. Ke3 Kc4 67. Ke4 Kc5 68. Ke3 Kd5 69. Rd1+ Ke6 70. Rg1 Kf5 71. Kf3 Rg4 72. Kf2 Kf4 73. Rc1 g1Q+ 74. Rxg1 Rxg1 75. Kxg1 Ke3 76. Kf1 Kd2 77. Kf2 e4 78. Kf1 e3 0-1

[Event "Nuremberg LGA Cup 2nd"]
[Site "Nuremberg"]
[Date "2005.09.10"]
[Round "4.63"]
[White "Runte, Dirk"]
[Black "Gage, Daniel"]
[Result "1-0"]
[WhiteElo "1607"]
[BlackElo "1381"]
[PlyCount "97"]
[EventDate "2005.09.08"]
[EventType "swiss"]
[EventRounds "7"]
[EventCountry "GER"]
[SourceTitle "EXT 2022"]
[Source "ChessBase"]
[SourceDate "2021.10.06"]
[SourceVersion "1"]
[SourceVersionDate "2021.10.06"]
[SourceQuality "1"]

1. d4 e6 2. Nf3 c5 3. e4 cxd4 4. Nxd4 Nf6 5. Bg5 h6 6. Bxf6 Qxf6 7. Be2 Bc5 8. c3 e5 9. Nf3 0-0 10. 0-0 Nc6 11. Nbd2 a6 12. Qc2 b5 13. b4 Ba7 14. a4 bxa4 15. Rxa4 Bb7 16. Qa2 Ne7 17. b5 d5 18. exd5 Nxd5 19. Ne4 Qe6 20. bxa6 Bc6 21. Ra3 Qg6 22. Nxe5 Qxe4 23. Nxc6 Nf4 24. Bf3 Qe6 25. Qxe6 Nxe6 26. Ne7+ Kh7 27. Bxa8 Rxa8 28. Nc6 Bc5 29. Ra2 Nc7 30. Rb1 Re8 31. g3 Re6 32. Nd4 Bxd4 33. cxd4 Nxa6 34. Rb7 Kg6 35. Kf1 f6 36. Rab2 Rc6 37. R2b6 Rc1+ 38. Kg2 Nc7 39. Rd6 Kf5 40. Rd7 Ne6 41. Rxg7 Nxg7 42. Rxg7 Rd1 43. Rd7 h5 44. d5 Kg4 45. d6 h4 46. Rd8 hxg3 47. hxg3 f5 48. d7 f4 49. Rg8+ 1-0

[Event "Nuremberg LGA Cup 2nd"]
[Site "Nuremberg"]
[Date "2005.09.09"]
[Round "3.55"]
[White "Gage, Daniel"]
[Black "Hohner, Karl Heinz"]
[Result "0-1"]
[WhiteElo "1381"]
[BlackElo "1901"]
[PlyCount "80"]
[EventDate "2005.09.08"]
[EventType "swiss"]
[EventRounds "7"]
[EventCountry "GER"]
[SourceTitle "EXT 2022"]
[Source "ChessBase"]
[SourceDate "2021.10.06"]
[SourceVersion "1"]
[SourceVersionDate "2021.10.06"]
[SourceQuality "1"]

1. e4 Nc6 2. d4 d5 3. Nc3 dxe4 4. d5 Ne5 5. Nxe4 e6 6. c4 Bb4+ 7. Nc3 c6 8. a3 Bxc3+ 9. bxc3 cxd5 10. cxd5 Qxd5 11. Bf4 Ng6 12. Bc7 Bd7 13. Qf3 Rc8 14. Bg3 Qxf3 15. Nxf3 Rxc3 16. Kd2 Rc8 17. Be2 Nf6 18. Nd4 Ne4+ 19. Ke3 Nxg3 20. hxg3 0-0 21. Rh2 e5 22. Nf3 Rfd8 23. Rah1 h6 24. Nh4 Nxh4 25. Rxh4 Bf5 26. f3 Rc3+ 27. Kf2 Rd2 28. Rh5 Rcc2 29. Re1 g6 30. Rxh6 Bd3 31. Rh4 Bxe2 32. g4 Bb5+ 33. Kg1 Rxg2+ 34. Kh1 Bc6 35. Rh3 Rgf2 36. Kg1 Bxf3 37. Re3 Rg2+ 38. Kf1 Rc1+ 39. Re1 Rxe1+ 40. Kxe1 e4 0-1

[Event "Nuremberg-ch op 05th"]
[Site "Nuremberg"]
[Date "2005.05.06"]
[Round "1"]
[White "Fett, Helmut"]
[Black "Gage, Daniel"]
[Result "1-0"]
[WhiteElo "1763"]
[BlackElo "1304"]
[PlyCount "55"]
[EventDate "2005.05.06"]
[EventType "swiss"]
[EventRounds "5"]
[EventCountry "GER"]
[SourceTitle "EXT 2007"]
[Source "ChessBase"]
[SourceDate "2006.11.23"]
[SourceVersion "1"]
[SourceVersionDate "2006.11.23"]
[SourceQuality "1"]

1. e4 d6 2. d4 Nf6 3. Bd3 g6 4. c3 Bg7 5. f4 e6 6. Nf3 0-0 7. 0-0 Ne8 8. Be3 f5 9. e5 dxe5 10. dxe5 c6 11. Qc2 Nc7 12. c4 b5 13. b3 Nba6 14. a3 Qe7 15. Nd4 Bb7 16. cxb5 cxb5 17. Nxb5 Nd5 18. Bxa7 Qh4 19. g3 Qh3 20. Rf2 Rac8 21. Qd2 Rfd8 22. N1c3 Nxf4 23. Rxf4 Rxd3 24. Qf2 g5 25. Rd4 Rf3 26. Qd2 Rcxc3 27. Rd8+ Bf8 28. Qxg5+ 1-0

[Event "Mittelfranken Mitte-ch 0405"]
[Site "Zirndorf"]
[Date "2005.??.??"]
[Round "2"]
[White "Narr, Irmgard"]
[Black "Gage, Daniel"]
[Result "0-1"]
[WhiteElo "1423"]
[BlackElo "1050"]
[PlyCount "78"]
[EventDate "2005.01.02"]
[EventType "swiss"]
[EventRounds "7"]
[EventCountry "GER"]
[SourceTitle "EXT 2015"]
[Source "ChessBase"]
[SourceDate "2014.11.20"]
[SourceVersion "1"]
[SourceVersionDate "2014.11.20"]
[SourceQuality "1"]

1. e4 e5 2. Nf3 Nc6 3. Bc4 Nf6 4. Ng5 d5 5. exd5 Nxd5 6. d3 Bc5 7. Qf3 Be6 8. Nxe6 fxe6 9. Qh5+ g6 10. Qg4 Qf6 11. 0-0 0-0-0 12. Bg5 h5 13. Qh4 Qf5 14. Bxd8 Nxd8 15. Nd2 Nf4 16. Ne4 Rg8 17. Nxc5 g5 18. Qxf4 exf4 19. Ne4 g4 20. b4 h4 21. Rae1 b6 22. a4 h3 23. g3 Kb8 24. c3 Nc6 25. d4 Rh8 26. b5 Na5 27. Ba2 Nb7 28. Bb1 Qd5 29. Bc2 Nd6 30. Bd3 e5 31. f3 fxg3 32. Nf6 Qb3 33. Nd7+ Kc8 34. Nxe5 Qxc3 35. hxg3 gxf3 36. Rxf3 Qxe1+ 37. Bf1 h2+ 38. Kh1 Ne4 39. Ng4 Nxg3+ 0-1